000 00883nam a2200277 i 4500
001 9867
003 ES-MaACL
005 20240424100020.0
007 t|
008 940321s1991 sp |||| | spa d
020 _a84-7954-003-6
080 _a869.9-1"19"(082.2)
245 0 0 _aFin de un milenio
_b: antología de la poesía gallega última /
_c[selección de] Francisco López-Barxas, César Antonio Molina.
250 _aEd. bilingüe.
260 _aMadrid :
_bLibertarias,
_cD.L. 1991.
300 _a413 p. :
_bil. ;
_c21 cm.
490 1 _aLibros del egoísta ;
_v14
500 _aÍndice.
500 _aBibliografía.
650 4 _aPoesía gallega-
_yS.XX
_916226
700 1 _aLópez-Barxas, Francisco.
_973447
700 1 _aMolina, César Antonio.
_981883
830 0 _aLibros del egoísta ;
_v14
_9178138
852 _aES-MaACL
_jL-17034
999 _c9867
_d9867